Chile i Bolivia: Estado actual de la cuestión de límites
Saved in:
| Hovedforfatter: | |
|---|---|
| Format: | Bog |
| Sprog: | spansk |
| Udgivet: |
Santiago
Imprenta del Sud América, calle de los Huérfanos, 19 Q
1873
|
| Udgivelse: | 1a. ed |
| Fag: | |
| Tags: |
Tilføj Tag
Ingen Tags, Vær først til at tagge denne postø!
|
MARC
| LEADER | 00000nam a2200000 a 4500 | ||
|---|---|---|---|
| 001 | UCJ5240 | ||
| 003 | CL-VaPUC | ||
| 005 | 20211020074440.0 | ||
| 008 | 070124e18730000CL |||||||||||||||||spa|d | ||
| 999 | |c 321353 |d 321351 | ||
| 040 | |c Pontificia Universidad Católica de Valparaíso | ||
| 082 | 0 | 4 | |a 983 |b MAR |2 21 |
| 100 | |a Martínez Cuadros, Marcial |e autor |9 863206 | ||
| 245 | 1 | 0 | |a Chile i Bolivia: Estado actual de la cuestión de límites |
| 250 | |a 1a. ed | ||
| 260 | |a Santiago |b Imprenta del Sud América, calle de los Huérfanos, 19 Q |c 1873 | ||
| 300 | |a 78 p | ||
| 500 | |a Empastado junto a otras monografías relativas al tema límites, en un volumen rotulado M. Martínez, Cuestiones de límites; ubicado en 983 MAR | ||
| 583 | |a last modification |c 20070124 00:00:00 |k Rodrigo Vera | ||
| 650 | 0 | |a Diplomacia |9 256483 | |
| 650 | 7 | |a LIMITES CON BOLIVIA |2 CL-VaPUC |9 504189 | |
| 650 | 0 | |a Tratados internacionales |9 256056 | |
| 650 | 0 | |a Historia de Chile |9 265473 | |
| 651 | 0 | |a Bolivia |9 255454 | |
| 651 | 7 | |a CHILE |2 CL-VaPUC |9 510173 | |
| 942 | |c BK |2 ddc | ||
| 945 | |d 20070124 00:00:00 |a rinostro | ||
| 952 | |0 0 |1 0 |4 0 |6 983_000000000000000_MAR_1873 |7 0 |8 X |9 400069 |a FDOBUD |b FDOBUD |d 2019-11-22 |i 1031775 |o 983 MAR 1873 |p 1031775 |r 2019-11-22 |w 2019-11-22 |y BK_X |k BUD | ||